सामवेद का सुबोध भाष्य: (Record no. 1309058)

MARC details
000 -LEADER
fixed length control field 00873nam a22002177a 4500
005 - DATE AND TIME OF LATEST TRANSACTION
control field 20250416142634.0
008 - FIXED-LENGTH DATA ELEMENTS--GENERAL INFORMATION
fixed length control field 250416b |||||||| |||| 00| 0 eng d
020 ## - INTERNATIONAL STANDARD BOOK NUMBER
International Standard Book Number 978-81-965933-6-0 (hbk)
040 ## - CATALOGING SOURCE
Original cataloging agency CRL
Transcribing agency CRL
041 ## - LANGUAGE CODE
Source of code CRL
Language code of text/sound track or separate title CRL
084 ## - COLON CLASSIFICATION NUMBER
Classification number Q13:21 152R4.1
Assigning agency CRL
245 ## - TITLE STATEMENT
Title सामवेद का सुबोध भाष्य:
Remainder of title प्रथम एंव द्वितीय भाग
260 ## - PUBLICATION, DISTRIBUTION, ETC.
Place of publication, distribution, etc. गुजरात, भारत:
Name of publisher, distributor, etc. स्वाध्याय मण्डल,
Date of publication, distribution, etc. 2024.
300 ## - PHYSICAL DESCRIPTION
Extent 502पृ0
365 ## - TRADE PRICE
Price amount 2500.00
Currency code INR
650 ## - SUBJECT ADDED ENTRY--TOPICAL TERM
Source of heading or term धर्म
650 ## - SUBJECT ADDED ENTRY--TOPICAL TERM
Source of heading or term हिन्दू धर्म
700 ## - ADDED ENTRY--PERSONAL NAME
Personal name सातवलेकर, दामोदर (Tr.)
9 (RLIN) 752331
942 ## - ADDED ENTRY ELEMENTS (KOHA)
Source of classification or shelving scheme Colon Classification (CC)
Koha item type Reference
Classification part Q13:21 152R4.1-2
Suppress in OPAC No
Holdings
Withdrawn status Lost status Source of classification or shelving scheme Damaged status Not for loan Collection Home library Current library Date acquired Cost, normal purchase price Serial Enumeration / chronology Total Checkouts Full call number Barcode Date last seen Price effective from Koha item type
    Colon Classification (CC)     Reference Central Library Central Library 2025-04-16 2500.00 भाग 1 एवं 2   Q13:21 152R4.1 CL1682509 2025-04-16 2025-04-16 Reference
Copyright @ Delhi University Library System